000 02790cam a2200265 4500500
005 20260405001523.0
041 _afre
042 _adc
100 1 0 _aMonnier, Sandrine
_eauthor
245 0 0 _aAnalyser l’activité infirmière pour négocier la pertinence des savoirs en santé publique et concevoir des modèles d’apprentissage
260 _c2026.
500 _a20
520 _aEn contexte de crise du système de santé impliquant de nécessaires transformations dans les milieux cliniques et de formation, nous avons questionné la place de la santé publique dans l’activité infirmière. Notre démarche de didactique professionnelle visait à identifier le potentiel des situations de soins pour l’apprentissage de la santé publique afin d’en déduire des modèles de formation. Nous avons réalisé une enquête ethnographique qui combinait observations et entretiens. Les interactions entre le chercheur et les personnes enquêtées ont amené une évolution des rapports à la santé publique que nous proposons d’analyser sous l’angle de la négociation des savoirs. Trois temps de négociation de savoirs ont été identifiés, nous discuterons de leur implication dans le processus d’apprentissage. Nos résultats invitent à considérer le terrain d’enquête comme une opportunité d’apprentissage et à développer et tester de nouvelles méthodes pédagogiques reposant sur l’analyse de l’activité.
520 _aIn the context of a health system crisis involving necessary transformations in clinical and training environments, we examined the role of public health within nursing practices. Our professional didactic approach aimed to identify the potential of care situations for public health learning in order to derive relevant training models. We conducted an ethnographic study combining observations and interviews. Interactions between the researcher and the participants fostered a shift in how they engage with public health, which we propose to analyze from the perspective of knowledge negotiation. Three levels of knowledge negotiation were identified; we will discuss their implications for the learning process. Our results indicate that the research setting can serve as a learning opportunity and that new teaching methods based on activity analysis should be developed and tested.
690 _adidactique professionnelle
690 _anégociation de savoirs
690 _asanté publique
690 _asoins infirmiers
690 _aknowledge negotiation
690 _anursing
690 _aprofessional didactics
690 _apublic health
786 0 _nPhronesis | 15 | 4 | 2026-03-06 | p. 112-128
856 4 1 _uhttps://shs.cairn.info/revue-phronesis-2026-4-page-112?lang=fr&redirect-ssocas=7080
999 _c2048513
_d2048513